Star Wars Multiple Choice #1 - Statistics

General Stats
  • This quiz has been taken 83 times
  • The average score is 14 of 20
Answer Stats
Question Answer % Correct
Who said, "It's a trap!"? Admiral Ackbar
100%
What is the name of the bounty hunter the captured Han Solo? Boba Fett
100%
Who is Luke Skywalker's father? Darth Vader
100%
What member of the Hutt family purchased Han Solo, who was frozen in carbonite? Jabba the Hutt
100%
Who blew up the first Death Star? Luke Skywalker
100%
Which one is these characters did NOT appear as a force ghost in Return of the Jedi. Qui-Gon Jinn
91%
Who shot first in the original version of the film? Han Solo
82%
Han Solo was frozen in carbonite as a test so that what character could be frozen later? Luke Skywalker
82%
What is the name of the Imperial officer that led the assault against Hoth? General Veers
73%
Who was in charge of the first Death Star and blew up Alderaan? Grand Moff Tarkin
73%
Who said, "That's no moon. It's a space station."? Obi-Wan Kenobi
73%
What is the name of the pilot who took down the first AT-AT in the battle of Hoth? Wedge Antilles
64%
Which character told Luke that there was another Skywalker? Yoda
64%
Who was Jabba the Hutt's majordomo? Bib Fortuna
55%
What is the name of Luke Skywalker's copilot on Hoth? Dak Ralter
55%
What is the name of the droid that was originally going to be sold to Luke Skywalker? R5-D4
55%
Obi-Wan Kenobi cut the arm off of which character? Ponda Baba
45%
What is the name of the chief of the ewok village? Chirpa
36%
What is the name of the character that looked after the Rancor? Malakili
36%
What is the name of the Imperial officer that Darth Vader choked in A New Hope? Admiral Motti
9%
No matching quizzes found
Score Distribution
Percent of People with Each Score
Percentile by Number Answered
Your Score History
You have not taken this quiz